| 000 | 00378 a2200145 4500 | ||
|---|---|---|---|
| 001 | 153601 | ||
| 040 | _cEscola São Tomás de Aquino | ||
| 100 | _aGONÇALVES, Zetho Cunha | ||
| 240 | 1 | 0 |
_aDima, o passarinho que criou o mundo _lpor |
| 245 | 1 | 0 | _aDima, o passarinho que criou o mundo |
| 362 | 0 | _a2013 | |
| 440 | 1 | _aMelhoramentos | |
| 697 | _a*LITERATURA JUVENIL | ||
| 942 | _cBK | ||
| 999 |
_c153601 _d153601 |
||